000 00461nam a2200133 a 4500
001 000027973
005 20200930031238.0
008 110406s1950 dr 000 0 spa d
040 _aDO-SdBNP
_bspa
_cBNPHU
082 _axxx
_bxxx
245 0 0 _aLey de organización universitaria :
_b(con sus organizaciones hasta el 12 de diciembre de 1944).
260 _aCiudad Trujillo, República Dominicana :
_bUniversidad de Santo Domingo,
_c1950.
300 _a35 p. ;
_c25 cm.
999 _c27465
_d27465